| 000 | 00582nam a2200169 i 4500 | ||
|---|---|---|---|
| 001 | 33531 | ||
| 003 | ES-MaACL | ||
| 005 | 20230906154756.0 | ||
| 007 | t| | ||
| 008 | 030202s1935 sp ||||1| spa d | ||
| 130 | 0 |
_aBiblia. _pA.T. _pSalmos. _lEspañol. _9119277 |
|
| 245 | 1 | 0 |
_aLibros Sapienciales _b: El libro de los Salmos : [Ecclesiastés]. Versión según el texto hebreo / _cRuperto Mª de Manresa. |
| 260 |
_aBarcelona : _bJosé Bosch, _c1935 ( _fHijos de J. Thomas) |
||
| 300 |
_a2 v. ; _c20 cm. |
||
| 700 | 1 |
_aManresa, Ruperto María. _976089 |
|
| 852 |
_aES-MaACL _jC-9283-4 |
||
| 999 |
_c33531 _d33531 |
||